000
00210 a2200097 4500
001
4472
100
_a
Ladner,A.W
245
_a
Short wave wireless communication
260
_a
_b
Chapman
_c
090
_c
3670
_d
3670
942
_a
NUST-CAE
_c
M
_c
29669
999
_c
239545
_d
239545